MARC

LEADER 00000nbm0a2200000 4500
001 188916
005 20231101224153.0
035 |a (RuTPU)RU\TPU\book\205211 
035 |a RU\TPU\book\205210 
090 |a 188916 
100 |a 20101216j20101124k y0rusy50 ca 
101 0 |a rus 
102 |a RU 
105 |a a m 001zy 
200 1 |a Методы, алгоритмы и программное обеспечение комбинаторной генерации  |e диссертация на соискание ученой степени доктора технических наук  |e спец. 05.13.11  |f В. В. Кручинин  |g Томский государственный университет систем управления и радиоэлектроники (ТУСУР) ; науч. конс. А. А. Шелупанов 
210 |a Томск  |d 2010 
215 |a 390 л.  |c ил. 
300 |a Защищена 24.11.2010 г. 
320 |a Библиогр.: с. 311-324 (130 назв.). 
606 1 |a Комбинаторика  |x (математическое программирование)  |2 stltpush  |3 (RuTPU)RU\TPU\subj\14821  |9 41147 
610 1 |a комбинаторная генерация 
610 1 |a методология 
610 1 |a алгоритмы 
610 1 |a перестановки 
610 1 |a комбинаторные множества 
610 1 |a формула Стирлинга 
610 1 |a формула Каталана 
610 1 |a формула Сильвестра 
610 1 |a корневые деревья 
610 1 |a исследование 
610 1 |a программный комплекс 
610 1 |a диссертации 
675 |a 519.854(04)  |v 3 
686 |a 05.13.11  |2 oksvnk 
700 1 |a Кручинин  |b В. В.  |g Владимир Викторович 
702 1 |a Шелупанов  |b А. А.  |g Александр Александрович  |4 695 
712 0 2 |a Томский государственный университет систем управления и радиоэлектроники (ТУСУР)  |c (1997 - )  |2 stltpush  |3 (RuTPU)RU\TPU\col\422 
801 1 |a RU  |b 63413507  |c 20101216 
801 2 |a RU  |b 63413507  |c 20101224  |g RCR 
942 |c BK